Advanced microprocessors / (Record no. 60926)

MARC details
000 -LEADER
fixed length control field 01699nam a22003017a 4500
005 - DATE AND TIME OF LATEST TRANSACTION
control field 20120116105026.0
010 ## - LCCN (DPL NO)
LC control number ENG-104728 B-489512-514
020 ## - INTERNATIONAL STANDARD BOOK NUMBER
International Standard Book Number 9781259002748
Terms of availability 395.00
035 ## - SYSTEM CONTROL NUMBER
System control number EN-88261 B-489512-514
037 ## - SOURCE OF ACQUISITION
Source of stock number/acquisition DBAD/PUB
037 ## - SOURCE OF ACQUISITION
Source of stock number/acquisition Allied Pub/Ven
082 00 - DEWEY DECIMAL CLASSIFICATION NUMBER
Classification number 004.16
Edition number 20
100 1# - MAIN ENTRY--PERSONAL NAME
Personal name Tabak, Daniel,
Dates associated with a name 1934-
245 10 - TITLE STATEMENT
Title Advanced microprocessors /
Statement of responsibility, etc by Daniel Tabak
250 ## - EDITION STATEMENT
Edition statement 2nd ed
260 ## - PUBLICATION, DISTRIBUTION, ETC. (IMPRINT)
Place of publication, distribution, etc New Delhi
Name of publisher, distributor, etc Tata McGraw-Hill
Date of publication, distribution, etc 2012
270 ## - ADDRESS
Address 7 West Patel Nagar
City New Delhi
Postal code 110001
300 ## - PHYSICAL DESCRIPTION
Extent various pagings :
Other physical details ill.
Dimensions 23cm(pbk)
500 ## - GENERAL NOTE
General note Includes bibliographical references and index.
650 #0 - SUBJECT ADDED ENTRY--TOPICAL TERM
Topical term or geographic name as entry element Microprocessors.
942 ## - ADDED ENTRY ELEMENTS (KOHA)
Source of classification or shelving scheme Dewey Decimal Classification
Item type English Books
Classification part 004.16
Call number suffix TAB
Holdings
Withdrawn status Lost status Not for loan Collection code Home library Current library Date acquired Source of acquisition Cost, normal purchase price Full call number Barcode Copy number Cost, replacement price Koha item type
      Non-fiction Central Library Central Library 06/02/2013 Allied Pub/1242/28.12.2012/114/18.12.2012/08.01.2013 395.00 004.16 TAB B-489512 1 395.00 English Books
    Not For Loan Non-fiction D.B.Act.Division D.B.Act.Division 16/01/2012 DBAD/PUB 395.00 004.16 TAB EN-88261 1 395.00 English Books
      Non-fiction Sarojini Nagar Sarojini Nagar 06/02/2013 Allied Pub/1242/28.12.2012/114/18.12.2012/08.01.2013 395.00 004.16 TAB B-489513 1 395.00 English Books
      Non-fiction Shahdara Branch Shahdara Branch 06/02/2013 Allied Pub/1242/28.12.2012/114/18.12.2012/08.01.2013 395.00 004.16 TAB B-489514 1 395.00 English Books

© Delhi Public Library
Hit Counter
free hit counter